TBMM Türkiye trafik güvenliği araştırma komisyonu raporu (Record no. 6822)
[ view plain ]
| 000 -BAŞLIK | |
|---|---|
| Sabit Uzunlukta Kontrol Alanı | 01082na a2200265 4500 |
| 001 - KONTROL NUMARASI | |
| Denetim Alanı | 19774 |
| 003 - KONTROL NUMARASI IDENTIFIER | |
| Denetim Alanı | MIRAKIL |
| 005 - SON İŞLEM TARİHİ VE ZAMANI | |
| Denetim Alanı | 20181213155120.0 |
| 008 - SABİT-BOY VERİ ELEMANLARI - GENEL BİLGİLER | |
| Sabit Uzunlukta Kontrol Alanı | 161227b tu 000 0 |
| 035 ## - SİSTEM KONTROL NUMARASI | |
| Sistem Kontrol Numarası | 19774 |
| 040 ## - KATALOGLAMA KAYNAK | |
| Orijinal Kataloglama Ajansı | Milas |
| Kataloglama Dili | tur |
| Metne Dönüştürmek Ajansı | TR-AnCHP |
| 041 ## - DİL KODU | |
| Metin / Ses Parça Veya Ayrı Başlığın Dil Kodu | tur |
| 082 ## - DEWEY ONLU SINIFLANDIRMA NUMARASI | |
| Sınıflandırma Numarası | 363.12 |
| Ürün Numarası | T25t 2000 |
| 090 ## - SINIFLAMA NUMARASI | |
| Sınıflama Numarası | 363.12 T25t 2000 |
| 100 ## - ANA GİRİŞ - KİŞİSEL İSİM | |
| Kişisel Ad | Tan, Ahmet |
| 245 ## - BAŞLIK TABLOSU | |
| Başlık | TBMM Türkiye trafik güvenliği araştırma komisyonu raporu |
| Başlığın Kalan | kamusal ve özel tüm kesimlerin katılımıyla güvenli ve uygar bir ulaşım düzeni için siyasal ve toplumsal bir yol güvenliği bildirgesi |
| -- | -stratejiler ve öneriler- |
| Sorumluluk Tablosu, Vb | Ahmet Tan |
| 246 ## - UNVAN FORM VARYING | |
| Başlık Doğru / Kısa Başlığı | Kamusal ve özel tüm kesimlerin katılımıyla güvenli ve uygar bir ulaşım düzeni için siyasal ve toplumsal bir yol güvenliği bildirgesi |
| 260 ## - YAYIN, DAĞITIM, VB | |
| Yayın, Dağıtım, Vb Yeri | Ankara |
| Yayıncı, Dağıtıcı, Vs Adı | TBMM |
| Yayın, Dağıtım, Vb Tarihi | 2000 |
| 300 ## - FİZİKSEL TANIM | |
| Kapsam | 355 s. |
| Diğer Fiziksel Ayrıntıları | tbl. |
| Boyutlar | 25 sm. |
| 504 ## - KAYNAKÇA VB NOT | |
| Kaynakça Vb Notu | Kaynakça var. |
| 610 ## - KONU KATMA GİRİŞ - TOPLANTI ADI | |
| Giriş Elemanı Olarak Kurumsal Ad Veya Yargı Alanı Adı | TBMM |
| Genel Alt Bölüm | Komisyon raporları |
| Kronolojik Alt Bölüm | Trafik |
| 650 ## - KONU KATMA GİRİŞ - TOPİKAL DÖNEM | |
| Topikal Süreli Veya Coğrafi Ad Giriş Elemanı | TBMM Türkiye Trafik Güvenliği Araştırma Komisyonu |
| Genel Alt Bölümü | Raporlar, 2000 |
| 651 ## - KONU KATMA GİRİŞ - COĞRAFİ ADI | |
| Coğrafi İsim | Türkiye |
| Genel Alt Bölümü | Trafik güvenliği |
| 942 ## - EKLENDİ GİRİŞ ELEMANLARI (KOHA) | |
| Sınıflandırma Veya Raf Düzeni Kaynak | Dewey Decimal Classification |
| Koha Öğesi Türü | Books |
| 999 ## - SİSTEM KONTROL NUMARALARI (KOHA) | |
| Koha Biblionumber | 6822 |
| Koha Biblioitemnumber | 6822 |
| Kalıcı Konum | Mevcut Konum | Edinme Tarihi | Edinim Kaynak | Toplam Check-Out'Lar | Tam Çağrı Numarası | Barkod | Tarih Son Görülme | İtibaren Geçerli Fiyatlar | Koha Öğesi Türü | Kopya Sayısı |
|---|---|---|---|---|---|---|---|---|---|---|
| CHP Kütüphanesi | CHP Kütüphanesi | 12/27/2016 | Bağış | 363.12 T25t 2000 | 010304 | 12/27/2016 | 12/27/2016 | Books | ||
| CHP Kütüphanesi | CHP Kütüphanesi | 01/05/2017 | Bağış | 363.12 T25t 2000 | 010928 | 01/05/2017 | 01/05/2017 | Books | k.2 |
